00639nam a2200157Ia 4500082001200000100002200012245009800034260006300132300000800195504004100203650006000244650004700304650004200351650003900393710004900432 aRP 0283 aPandi, S.Jagadees 0aEconomic study on the impact of effluents of SSI on agricultural land in Coimbatore regionb: c2008bIndian Council of Social Science Research, New Delhi a133 aincludes appendices and bibliography aLand treatment of waste waterzIndiazCoimbatore region aWatervPollutionzIndiazCoimbatore region aAgriculturezIndiazCoimbatore region aLand usezIndiazCoimbatore region aSree Saraswati Thyagaraja College, New Delhi